Příručka ke cvičením z ekonomiky zahraničního obchodu

Gespeichert in:
Bibliographische Detailangaben
1. Verfasser: Plchová, Božena
Körperschaft: Vysoká škola ekonomická v Praze. Obchodní fakulta
Weitere Verfasser: Orlíček, Zdeněk, Bernášková, Karla
Format: Buch
Sprache:Tschechisch
Veröffentlicht: Praha Státní pedagogické nakladatelství 1986
Tags: Tag hinzufügen
Keine Tags, Fügen Sie das erste Tag hinzu!

MARC

LEADER 00000nam a2200000 4500
001 c105194
005 20190423104611.0
041 0 |a cze 
044 |a CZ 
245 1 0 |a Příručka ke cvičením z ekonomiky zahraničního obchodu  |c Božena Plchová, Zdeněk Orlíček, Karla Bernášková 
264 1 |a Praha  |b Státní pedagogické nakladatelství  |c 1986 
300 |a 203 s. 
100 1 |a Plchová, Božena 
700 1 |a Orlíček, Zdeněk 
700 1 |a Bernášková, Karla 
710 2 |a Vysoká škola ekonomická v Praze. Obchodní fakulta